LDR 00943naa#a2200169#i#450# 001 RU\\bibl\121391 005 20260429161507.3 011 ## _a1994-4683 100 ## _a20230531b2023####ek#y0rusy0150####ca 102 ## _aRU 200 1# _aПРИМЕНЕНИЕ УПРУГОГО АМОРТИЗАТОРА ДЛЯ РАЗГОНА УДАРНОГО ЗВЕНА ПРИ ВЫПОЛНЕНИИ ПРЯМОГО УДАРА КУЛАКОМ В СПОРТИВНЫХ ЕДИНОБОРСТВАХ _eЖурнальная статья 210 1# _aМосква _cНациональный государственный Университет физической культуры, спорта и здоровья им. П.Ф. Лесгафта _d2023 215 ## _a5 с. 608 ## _aЖурнальная статья _2local 675 ## _aПрочие виды единоборства и тяжелой атлетики. 796.89 _z 700 #1 _aАсрян _gС К 856 4# _auchzapiski.lesgaft.spb.ru _u